Conservación de los recursos genéticos en la ordenación de los bosques tropicales (Registro nro. 5039)

Detalles MARC
000 -CABECERA
Campo de control 00771nam a2200229 a 4500
005 - FECHA Y HORA DE LA ULTIMA TRANSACCION
Campo de control 20180822143234.0
008 - ELEMENTOS DE LONGITUD FIJA—INFORMACION GENERAL
Campo de control 140318b1995 it ||||| |||| 00| 0 spa d
040 ## - FUENTE DE CATALOGACIÓN
Agencia catalogadora original CO-BoIAVH
Agencia transcriptora CO-BoIAVH
041 ## - IDIOMA
Código de idioma para texto/pista de sonido o título separado Español
044 ## - PAÍS DE PUBLICACIÓN
País de publicación Italia
082 ## - NUMERO DE CLASIFICACION DECIMAL DEWEY
Número de clasificación 333.953416
Número del ítem O68c
110 1# - ASIENTO PRINCIPAL--NOMBRE CORPORATIVO
Unidad subordinad Organización de la Naciones Unidas para la Agricultura y la Alimentación
245 ## - MENCION DE TITULO
Título Conservación de los recursos genéticos en la ordenación de los bosques tropicales
Parte restante del título principios y conceptos
260 ## - PUBLICACION, DISTRIBUCION, ETC. (PIE DE IMPRENTA)
Lugar de publicación, distribución, etc. Roma
Nombre del editor, distribuidor, etc. FAO
Fecha de publicación, distribución, etc. 1995
300 ## - DESCRIPCION FISICA
Extensión 101 paginas
650 14 - ASIENTO SECUNDARIO DE MATERIA - TERMINO TEMATICO
Término temático o nombre geográfico como elemento de entrada Bosques tropicales
650 14 - ASIENTO SECUNDARIO DE MATERIA - TERMINO TEMATICO
Término temático o nombre geográfico como elemento de entrada Conservación ecosistemas
650 14 - ASIENTO SECUNDARIO DE MATERIA - TERMINO TEMATICO
Término temático o nombre geográfico como elemento de entrada Explotación forestal
650 14 - ASIENTO SECUNDARIO DE MATERIA - TERMINO TEMATICO
Término temático o nombre geográfico como elemento de entrada Recursos genéticos forestales
942 ## - ELEMENTOS ADICIONALES (KOHA)
Tipo de ítem Libro
Sistema de clasificación Dewey Decimal Classification
945 ## - PROCESAMIENTO LOCAL
AAAA-MM-DD - Fecha de ingreso o modificacion 2006-01-03
Existencias
Withdrawn status Lost status Sistema de Clasificación Damaged status No para préstamo Colección Inventariado Ubicación Permanente Ubicación actual Fecha de adquisición Fuente de Valor Valor Total Checkouts Número topográfico Inventario / Código de Barras Date last seen Ejemplar Price effective from Forma de adquisición Tipo de material
    Dewey Decimal Classification     General Inventariado 2017 Bogotá Bogotá 03/01/2006 Instituto 39000.00   LB-333.953416 O68c 022716 04/12/2012 Ej. 1 04/12/2012 Compra Libro